| 000 | 00834nam a2200253Ia 4500 | ||
|---|---|---|---|
| 003 | GCL | ||
| 008 | 140319s9999 xx 000 0 ara d | ||
| 040 |
_aGCL / _cGCL |
||
| 082 | 0 | 4 |
_aق _b962.16 _bو ا |
| 100 | 1 | _aوزارة الثقافة | |
| 245 | 1 | 0 |
_aابحاث الندوة الدولية لتاريخ القاهرة (الجزء الاول والثانى والثالث) / _cوزارة الثقافة |
| 260 |
_a[S.N] : _bدار الكتب ، _c1970 |
||
| 300 | _a513 ص | ||
| 490 | _a | ||
| 650 | 0 | 4 | _aتاريخ |
| 650 | 0 | 4 | _aالاحوال الاجتماعية |
| 650 | 0 | 4 | _aالاثار الاسلامية |
| 650 | 0 | 4 | _aاحياء وضواحى |
| 650 | 0 | 4 | _aالصناعات |
| 650 | 0 | 4 | _aالمبانى التاريخية |
| 650 | 0 | 4 | _aالقاهرة |
| 650 | 0 | 4 | _aالازهر (جامع) |
| 942 |
_2ddc _cBK |
||
| 999 |
_c33132 _d33132 |
||